[Event "5. ODEM U25 2008"]
[Site "Willingen GER"]
[Date "2008.05.13"]
[Round "4"]
[White "Arnold, Sebastian"]
[Black "Wagner, Thomas"]
[Result "1-0"]
[Termination "normal"]
[Board "47"]
[WhiteElo "1366"]
[BlackElo "1554"]
[PlyCount "85"]
[WhiteFideId "24692603"]
[EventCountry "GER"]
[EventRounds "9"]
[EventType "swiss"]
[EventDate "2008.05.10"]

1. e4 c5 2. Nf3 d6 3. d4 cxd4 4. Nxd4 g6 5. Be2 Bg7 6. Be3 Nf6 7. Nc3 O-O 8. h3
Nc6 9. f4 Nxd4 10. Bxd4 Qc7 11. Be3 a6 12. O-O b5 13. a3 Rd8 14. Bf3 Bb7 15.
Qd3 Rac8 16. Rad1 Qc4 17. Rf2 Qxd3 18. Rxd3 Nd7 19. Bd4 Nc5 20. Bxc5 dxc5 21.
Rxd8+ Rxd8 22. e5 Bxf3 23. Rxf3 f6 24. exf6 Bxf6 25. Rd3 Rxd3 26. cxd3 Kf7 27.
Kf2 Bxc3 28. bxc3 a5 29. Ke3 Ke6 30. Ke4 a4 31. g4 Kd6 32. d4 c4 33. h4 Ke6 34.
d5+ Kd6 35. Kd4 h6 36. h5 gxh5 37. gxh5 b4 38. cxb4 c3 39. Kxc3 Kxd5 40. Kd3 e6
41. Kc3 Ke4 42. b5 Kd5 43. Kb4 1-0

[Event "5. ODEM U25 2008"]
[Site "Willingen GER"]
[Date "2008.05.13"]
[Round "4"]
[White "Bauer, Hermann"]
[Black "Brand, Benedikt"]
[Result "1/2-1/2"]
[Termination "normal"]
[Board "48"]
[WhiteElo "1549"]
[BlackElo "1314"]
[PlyCount "52"]
[WhiteFideId "24601730"]
[BlackFideId "24683744"]
[EventCountry "GER"]
[EventRounds "9"]
[EventType "swiss"]
[EventDate "2008.05.10"]

1. d4 Nf6 2. Bf4 e6 3. e3 b6 4. a4 Bb7 5. Nd2 d5 6. Ngf3 Bd6 7. Bg3 Bxg3 8.
hxg3 Nbd7 9. Ne5 Nxe5 10. dxe5 Nd7 11. f4 Qe7 12. c3 h6 13. Qg4 g6 14. Kf2
O-O-O 15. a5 h5 16. Qd1 Nc5 17. axb6 axb6 18. Ra3 Ne4+ 19. Nxe4 dxe4 20. Qc2
Qd7 21. Ke1 Qc6 22. Ba6 Bxa6 23. Rxa6 Kb7 24. Ra4 Ra8 25. Rxa8 Rxa8 26. Kf2 Rd8
1/2-1/2

[Event "5. ODEM U25 2008"]
[Site "Willingen GER"]
[Date "2008.05.13"]
[Round "4"]
[White "Berger, Manuel"]
[Black "Briese, Annika"]
[Result "1-0"]
[Termination "normal"]
[Board "49"]
[WhiteElo "1541"]
[BlackElo "1289"]
[PlyCount "85"]
[WhiteFideId "24692506"]
[EventCountry "GER"]
[EventRounds "9"]
[EventType "swiss"]
[EventDate "2008.05.10"]

1. c4 e6 2. Nc3 d5 3. cxd5 exd5 4. d4 Bb4 5. g3 Ne7 6. Bg2 O-O 7. e3 Be6 8.
Nge2 Nd7 9. O-O Nf6 10. a3 Bxc3 11. Nxc3 Qd7 12. b4 Bh3 13. Bb2 Bxg2 14. Kxg2
c6 15. Rc1 Qf5 16. Qf3 Qg6 17. Rfe1 Nf5 18. Kh1 Ng4 19. h3 Nf6 20. Rcd1 Rfe8
21. Kh2 Nd6 22. a4 Rac8 23. Re2 Nc4 24. g4 Nd7 25. Qf4 a6 26. Ba1 Qe6 27. e4
dxe4 28. Rxe4 Qg6 29. Rde1 Rxe4 30. Qxe4 Qxe4 31. Rxe4 Nf6 32. Re7 b5 33. Ra7
bxa4 34. Nxa4 Nd5 35. Bc3 Nc7 36. Kg2 f6 37. Kf3 Kf7 38. Nc5 Kg6 39. Na4 Kg5
40. Kg3 g6 41. Nc5 Nd5 42. Rxh7 Re8 43. h4# 1-0

[Event "5. ODEM U25 2008"]
[Site "Willingen GER"]
[Date "2008.05.13"]
[Round "4"]
[White "Nitze, Florian"]
[Black "Nobis, Philipp"]
[Result "1-0"]
[Termination "normal"]
[Board "50"]
[WhiteElo "1530"]
[BlackElo "1260"]
[PlyCount "75"]
[WhiteFideId "24603902"]
[BlackFideId "24602183"]
[EventCountry "GER"]
[EventRounds "9"]
[EventType "swiss"]
[EventDate "2008.05.10"]

1. d4 d5 2. c4 e6 3. Nf3 c6 4. a3 Be7 5. Bf4 Nf6 6. e3 Nbd7 7. Nc3 O-O 8. c5 h6
9. Bd3 Nh5 10. Bg3 Nxg3 11. hxg3 Nf6 12. Qc2 Qa5 13. b4 Qd8 14. Ne5 a5 15. b5
cxb5 16. Nxb5 Bd7 17. Qb2 Rc8 18. Na7 Rc7 19. O-O Qb8 20. Nb5 Rcc8 21. Rfc1 Bc6
22. a4 Nd7 23. Nxd7 Bxd7 24. Nc3 Rc6 25. Bb5 Rc7 26. Bxd7 Rxd7 27. Qb5 Qc7 28.
Rab1 Rb8 29. c6 Rdd8 30. cxb7 Rd7 31. Na2 Qxb7 32. Qxa5 Qxb1 33. Rxb1 Rxb1+ 34.
Kh2 Rb2 35. Nc1 Rxf2 36. Qc3 Ra7 37. a5 Rb7 38. Qc8+ 1-0

[Event "5. ODEM U25 2008"]
[Site "Willingen GER"]
[Date "2008.05.13"]
[Round "4"]
[White "Alt, Elisabeth"]
[Black "Kinzel, Franziska"]
[Result "0-1"]
[Termination "normal"]
[Board "51"]
[WhiteElo "1275"]
[BlackElo "1526"]
[PlyCount "166"]
[WhiteFideId "24692620"]
[EventCountry "GER"]
[EventRounds "9"]
[EventType "swiss"]
[EventDate "2008.05.10"]

1. e4 c6 2. d4 d5 3. e5 Bf5 4. Nf3 e6 5. Bd3 Bxd3 6. Qxd3 Ne7 7. Bd2 Ng6 8. Nc3
Be7 9. O-O-O Nd7 10. Kb1 Qc7 11. a3 O-O 12. h4 Rfc8 13. h5 Ngf8 14. h6 g6 15.
Bg5 Nb6 16. Bxe7 Qxe7 17. Nd2 a6 18. Rh3 c5 19. dxc5 Rxc5 20. f4 Rac8 21. Qd4
Nc4 22. Nxc4 Rxc4 23. Qd2 Qc5 24. Rc1 b5 25. g4 b4 26. axb4 Qxb4 27. f5 Rb8 28.
b3 Rbc8 29. Qg5 Nd7 30. fxe6 fxe6 31. Na2 Rxg4 32. Nxb4 Rxg5 33. Nxa6 Rxe5 34.
Rf1 Rf5 35. Re1 Kf7 36. Rhe3 e5 37. Nb4 d4 38. R3e2 g5 39. Nd3 Re8 40. Kb2 Kg6
41. c3 dxc3+ 42. Kxc3 Kxh6 43. Kc4 Kg6 44. Kd5 Nf6+ 45. Kc4 e4 46. Nf2 Rfe5 47.
Kd4 Rd5+ 48. Kc3 Rde5 49. Kd4 Kf5 50. Rf1 Rd5+ 51. Kc3 Kg6 52. Rfe1 Rde5 53.
Kd4 h5 54. b4 Rb5 55. Kc4 Reb8 56. Rb2 Kf5 57. Rb3 g4 58. Nd1 Nd5 59. Ne3+
Nxe3+ 60. Rexe3 Kf4 61. Rec3 h4 62. Rc1 g3 63. Rf1+ Kg4 64. Re1 Re5 65. Kd4
Rbe8 66. Rbe3 g2 67. b5 Rxb5 68. Rg1 h3 69. Rc3 Rb2 70. Rxh3 Kxh3 71. Ke3 Kh2
72. Rxg2+ Rxg2 73. Kf4 Rf2+ 74. Ke3 Kg3 75. Kd4 Rd2+ 76. Ke3 Rd3+ 77. Ke2 Rf8
78. Ke1 Re3+ 79. Kd1 Rd8+ 80. Kc2 Red3 81. Kb2 Rc8 82. Ka2 Rb8 83. Ka1 Ra3# 0-1

[Event "5. ODEM U25 2008"]
[Site "Willingen GER"]
[Date "2008.05.13"]
[Round "4"]
[White "Kempe, Markus"]
[Black "Zhou, Wile"]
[Result "0-1"]
[Termination "normal"]
[Board "52"]
[WhiteElo "1243"]
[BlackElo "1512"]
[PlyCount "70"]
[WhiteFideId "24692638"]
[BlackFideId "4695674"]
[EventCountry "GER"]
[EventRounds "9"]
[EventType "swiss"]
[EventDate "2008.05.10"]

1. e4 c5 2. Nf3 e6 3. d4 cxd4 4. Nxd4 Nf6 5. e5 Qa5+ 6. Nc3 Qxe5+ 7. Be3 a6 8.
Bd3 Be7 9. Qe2 Nc6 10. Nb3 Qc7 11. O-O O-O 12. Rad1 b5 13. Ne4 d6 14. Nxf6+
Bxf6 15. Qg4 Ne5 16. Qg3 Bb7 17. Bg5 Bxg5 18. Qxg5 h6 19. Qg3 f5 20. Rfe1 Rf6
21. f4 Rg6 22. Qf2 Rxg2+ 23. Qxg2 Bxg2 24. Kxg2 Nxd3 25. Rxd3 Qxc2+ 26. Rd2
Qc6+ 27. Kg1 Re8 28. Red1 d5 29. Rc1 Qb6+ 30. Kf1 Qe3 31. Rdc2 Qxf4+ 32. Kg1 e5
33. Rc5 d4 34. Rd5 Qe3+ 35. Kf1 Qf3+ 0-1

[Event "5. ODEM U25 2008"]
[Site "Willingen GER"]
[Date "2008.05.13"]
[Round "4"]
[White "Biefel, Christian"]
[Black "Meiser, Michael"]
[Result "0-1"]
[Termination "normal"]
[Board "53"]
[WhiteElo "1239"]
[BlackElo "1490"]
[PlyCount "62"]
[WhiteFideId "24692646"]
[BlackFideId "24659762"]
[EventCountry "GER"]
[EventRounds "9"]
[EventType "swiss"]
[EventDate "2008.05.10"]

1. d4 Nf6 2. e3 d6 3. Bd3 g6 4. Nf3 Bg7 5. Nbd2 O-O 6. O-O Re8 7. e4 e5 8. d5
c6 9. c4 Nbd7 10. Re1 Qc7 11. Nb3 a6 12. a4 Nb6 13. Be3 Bd7 14. Bxb6 Qxb6 15.
Qc2 cxd5 16. exd5 Rac8 17. Nbd2 Nxd5 18. Qb1 Nf4 19. Ng5 Bc6 20. Nge4 Qd4 21.
Bc2 f5 22. Nf3 Qxc4 23. Nxd6 Qc5 24. Bb3+ Kh8 25. Nf7+ Kg8 26. Nd6+ Kf8 27.
Nxe8 Rxe8 28. Qc2 Qe7 29. Qc4 Bd5 30. Qc2 Bxf3 31. gxf3 Qg5+ 0-1

[Event "5. ODEM U25 2008"]
[Site "Willingen GER"]
[Date "2008.05.13"]
[Round "4"]
[White "Glatting, Lisa"]
[Black "Bangert, Benjamin"]
[Result "1/2-1/2"]
[Termination "normal"]
[Board "54"]
[WhiteElo "1762"]
[BlackElo "1227"]
[PlyCount "59"]
[WhiteFideId "24667617"]
[BlackFideId "24692654"]
[EventCountry "GER"]
[EventRounds "9"]
[EventType "swiss"]
[EventDate "2008.05.10"]

1. e4 e6 2. d4 d5 3. e5 c5 4. c3 Nc6 5. Nf3 Qb6 6. Be2 Nge7 7. Na3 Nf5 8. Nc2
Be7 9. O-O O-O 10. Bd3 c4 11. Bxf5 exf5 12. Re1 f6 13. Rb1 fxe5 14. Nxe5 Nd8
15. Qf3 Be6 16. Qg3 Bf6 17. Qe3 Re8 18. Nb4 Bxe5 19. dxe5 Qxe3 20. Bxe3 a5 21.
Nc2 Nc6 22. f4 b5 23. Nd4 Nxd4 24. Bxd4 Rab8 25. Kf2 Kf7 26. Kf3 b4 27. h3 h5
28. Re3 g6 29. g3 a4 30. a3 1/2-1/2

[Event "5. ODEM U25 2008"]
[Site "Willingen GER"]
[Date "2008.05.13"]
[Round "4"]
[White "Neumair, Dorian"]
[Black "Hümmecke, Aaron"]
[Result "1/2-1/2"]
[Termination "normal"]
[Board "55"]
[WhiteElo "1184"]
[BlackElo "1466"]
[PlyCount "71"]
[BlackFideId "24692522"]
[EventCountry "GER"]
[EventRounds "9"]
[EventType "swiss"]
[EventDate "2008.05.10"]

1. e4 e5 2. Nf3 Nc6 3. Bb5 a6 4. Ba4 d6 5. d4 b5 6. Bb3 Bg4 7. Be3 Nf6 8. d5
Ne7 9. Nbd2 Ng6 10. h3 Bxf3 11. Qxf3 a5 12. a4 b4 13. Bc4 Be7 14. Bb5+ Nd7 15.
O-O O-O 16. Nc4 Nb8 17. Qg4 Qc8 18. Nd2 Qxg4 19. hxg4 Rc8 20. g3 c6 21. Bc4 c5
22. Bb5 Rd8 23. Kg2 Nd7 24. Nc4 Nf6 25. g5 Nxe4 26. f4 exf4 27. gxf4 f5 28. Rh1
Rf8 29. Bd7 Bd8 30. Be6+ Kh8 31. Rh2 Bxg5 32. fxg5 f4 33. Rah1 Nxg5 34. Bf2 f3+
35. Kf1 h6 36. Nxd6 1/2-1/2

[Event "5. ODEM U25 2008"]
[Site "Willingen GER"]
[Date "2008.05.13"]
[Round "4"]
[White "Hauffen, Kai"]
[Black "Kuckling, Linus"]
[Result "1-0"]
[Termination "normal"]
[Board "56"]
[WhiteElo "1454"]
[BlackElo "1181"]
[PlyCount "49"]
[BlackFideId "24658243"]
[EventCountry "GER"]
[EventRounds "9"]
[EventType "swiss"]
[EventDate "2008.05.10"]

1. e4 c5 2. Nf3 d6 3. d4 cxd4 4. Nxd4 Nf6 5. Nc3 g6 6. Bc4 Bg7 7. f3 O-O 8. Be3
Nc6 9. Qd2 Bd7 10. O-O-O Re8 11. g4 Rc8 12. Bb3 Na5 13. h4 Nxb3+ 14. Nxb3 a6
15. h5 Be6 16. hxg6 fxg6 17. Nd4 Bf7 18. Nd5 Bxd5 19. exd5 Nxd5 20. Ne6 Qd7 21.
Nxg7 Kxg7 22. Qxd5 Qc7 23. Rxh7+ Kxh7 24. Qf7+ Kh8 25. Rh1# 1-0

[Event "5. ODEM U25 2008"]
[Site "Willingen GER"]
[Date "2008.05.13"]
[Round "4"]
[White "Wachinger, David"]
[Black "Voss, Mathieu"]
[Result "0-1"]
[Termination "normal"]
[Board "57"]
[WhiteElo "1179"]
[BlackElo "1452"]
[PlyCount "82"]
[WhiteFideId "24692689"]
[EventCountry "GER"]
[EventRounds "9"]
[EventType "swiss"]
[EventDate "2008.05.10"]

1. d4 e6 2. c4 Nf6 3. Bg5 Be7 4. Nf3 Nc6 5. Nc3 O-O 6. e3 d5 7. a3 dxc4 8. Bxc4
Nd5 9. Bxe7 Ncxe7 10. O-O b6 11. Qc2 Bb7 12. Rfe1 Nxc3 13. bxc3 Bxf3 14. gxf3
Nf5 15. Kh1 Nh4 16. Qe2 Qf6 17. f4 Qg6 18. Rg1 Qe4+ 19. f3 Nxf3 20. Qg2 Nd2 21.
Bd3 Qxg2+ 22. Rxg2 Nb3 23. Rag1 g6 24. Rb2 Na5 25. Rg5 Rfd8 26. Be4 Rac8 27. a4
Rd7 28. Rb4 c6 29. Rb2 Rdc7 30. h4 c5 31. d5 Re7 32. Rg3 exd5 33. Bxd5 Rd8 34.
Bg2 Rd3 35. Rc2 Rexe3 36. Rxe3 Rxe3 37. Kh2 Nc4 38. Bd5 Nd6 39. Kg2 Nf5 40. Kh2
Nxh4 41. Bb3 Nf5 0-1

[Event "5. ODEM U25 2008"]
[Site "Willingen GER"]
[Date "2008.05.13"]
[Round "4"]
[White "Lang, Stephan"]
[Black "Klein, Maren"]
[Result "1-0"]
[Termination "normal"]
[Board "58"]
[WhiteElo "1451"]
[BlackElo "1025"]
[PlyCount "67"]
[WhiteFideId "24692557"]
[EventCountry "GER"]
[EventRounds "9"]
[EventType "swiss"]
[EventDate "2008.05.10"]

1. e4 e5 2. Bc4 Nf6 3. d3 Nc6 4. Nc3 Bb4 5. Bd2 d6 6. h3 Be6 7. Bxe6 fxe6 8.
Nf3 d5 9. exd5 exd5 10. O-O O-O 11. a3 Bxc3 12. Bxc3 d4 13. Bd2 Nd5 14. Ng5 Qf6
15. Qg4 Nf4 16. g3 Ng6 17. Ne6 Rfc8 18. Nc5 b6 19. Ne4 Qe7 20. Ng5 Qf6 21. Qh5
h6 22. Ne4 Qf7 23. Qg4 Nce7 24. Rae1 Re8 25. h4 Nf5 26. h5 Nge7 27. f4 Rf8 28.
fxe5 Qe6 29. Bb4 c5 30. Bd2 Ne3 31. Qxe6+ Kh8 32. Rxf8+ Rxf8 33. Bxe3 dxe3 34.
Qxe7 1-0

[Event "5. ODEM U25 2008"]
[Site "Willingen GER"]
[Date "2008.05.13"]
[Round "4"]
[White "Voggenreiter, Sara"]
[Black "Holle, Eric"]
[Result "0-1"]
[Termination "normal"]
[Board "60"]
[WhiteElo "1594"]
[BlackElo "1400"]
[PlyCount "96"]
[WhiteFideId "24615358"]
[BlackFideId "4624610"]
[EventCountry "GER"]
[EventRounds "9"]
[EventType "swiss"]
[EventDate "2008.05.10"]

1. e4 e5 2. Nf3 Nc6 3. Bc4 Bc5 4. b4 Bxb4 5. c3 Ba5 6. d4 d6 7. O-O f5 8. Ng5
Qf6 9. Nf7 Be6 10. Bxe6 Qxe6 11. Nxh8 exd4 12. exf5 Qxf5 13. cxd4 O-O-O 14. Be3
Nge7 15. Qb3 Rxh8 16. Nc3 Qf6 17. Ne2 Nf5 18. d5 Nce7 19. Bxa7 b6 20. Rac1 Kb7
21. a4 Rc8 22. Bxb6 cxb6 23. Rb1 Qe5 24. Qb5 Rc5 25. Qd3 Rxd5 26. Qf3 Nh4 27.
Qg4 Nxg2 28. Qxg2 Qxe2 29. Qxg7 h6 30. Qg2 Ka7 31. h4 Rh5 32. Qh3 Nf5 33. Rbc1
Qe4 34. Qg2 Qe7 35. Rc8 d5 36. Rfc1 b5 37. Qxd5 Qg7+ 38. Qg2 Qxg2+ 39. Kxg2
Nxh4+ 40. Kg3 Nf5+ 41. Kg4 Rg5+ 42. Kf4 Bd2+ 43. Ke4 Nd6+ 44. Kd3 Bxc1 45. Rxc1
bxa4 46. Ra1 Rg4 47. f3 Rb4 48. Kc2 h5 0-1

[Event "5. ODEM U25 2008"]
[Site "Willingen GER"]
[Date "2008.05.13"]
[Round "4"]
[White "Kilic, Ahmet"]
[Black "Reiser, Marck"]
[Result "0-1"]
[Termination "normal"]
[Board "61"]
[WhiteElo "1171"]
[BlackElo "1294"]
[PlyCount "70"]
[BlackFideId "24684678"]
[EventCountry "GER"]
[EventRounds "9"]
[EventType "swiss"]
[EventDate "2008.05.10"]

1. e4 e5 2. Nf3 Nc6 3. Bc4 Bc5 4. Nc3 d6 5. b3 Bg4 6. Bb2 Nf6 7. Rg1 a6 8. Be2
Qd7 9. d3 Bb4 10. Qd2 d5 11. O-O-O d4 12. Qg5 dxc3 13. Ba1 Rg8 14. Qe3 Bxf3 15.
Bxf3 Qd4 16. Qe2 O-O-O 17. Rge1 g5 18. g3 g4 19. Bg2 Qd6 20. f3 Nd4 21. Rf1
Nxe2+ 22. Kb1 Nd4 23. f4 exf4 24. Rxf4 Rg6 25. Re1 Qd7 26. Ref1 Qe7 27. h4 h5
28. e5 Qxe5 29. Be4 Nxe4 30. Rxe4 Qxg3 31. Kc1 Qg2 32. Kd1 Qxf1+ 33. Re1 Qf3+
34. Kc1 Qf2 35. Kd1 Qxc2# 0-1

[Event "5. ODEM U25 2008"]
[Site "Willingen GER"]
[Date "2008.05.13"]
[Round "4"]
[White "Weber, Yannik"]
[Black "Reksten, Anne"]
[Result "1-0"]
[Termination "normal"]
[Board "62"]
[WhiteElo "1057"]
[BlackElo "807"]
[PlyCount "125"]
[WhiteFideId "24692700"]
[BlackFideId "24692778"]
[EventCountry "GER"]
[EventRounds "9"]
[EventType "swiss"]
[EventDate "2008.05.10"]

1. d4 d5 2. c4 c6 3. e3 Nf6 4. Nc3 Bf5 5. Bd3 Bg6 6. Bxg6 hxg6 7. cxd5 cxd5 8.
Qe2 Qb6 9. Qb5+ Qxb5 10. Nxb5 Kd8 11. Nf3 e6 12. O-O a6 13. Ne5 Rh7 14. Nc3 Ke8
15. Bd2 Nc6 16. Nxc6 bxc6 17. Rfc1 Rb8 18. Rab1 Bd6 19. h3 g5 20. f3 e5 21. Na4
Rc8 22. e4 dxe4 23. dxe5 Bxe5 24. Re1 Rd8 25. Bxg5 Rd5 26. Bxf6 gxf6 27. Rxe4
f5 28. Re2 Kd7 29. Nc3 Bxc3 30. bxc3 Kd6 31. Rbe1 Ra5 32. f4 f6 33. Re6+ Kc5
34. Rxf6 Rxa2 35. Rxf5+ Kb6 36. Rb1+ Kc7 37. Rg5 Rc2 38. Rc5 Kd6 39. Ra5 Ra7
40. f5 Rxc3 41. f6 Rc4 42. Rf1 Ke6 43. g4 Rc3 44. Kg2 Rc2+ 45. Kg3 Rc3+ 46. Kh4
Rh7+ 47. Kg5 Rcxh3 48. Rff5 R3h6 49. Rxa6 Rh8 50. Rxc6+ Kf7 51. Rc7+ Ke6 52. f7
R6h7 53. f8=Q Rxf8 54. Rxh7 Rxf5+ 55. gxf5+ Ke5 56. f6 Ke6 57. Re7+ Kd5 58. f7
Kd6 59. f8=Q Kd5 60. Qd8+ Kc6 61. Rc7+ Kb6 62. Qb8+ Ka6 63. Ra7# 1-0

[Event "5. ODEM U25 2008"]
[Site "Willingen GER"]
[Date "2008.05.13"]
[Round "4"]
[White "Kreyssig, Bruno"]
[Black "Bui, Ha Trang"]
[Result "1-0"]
[Termination "normal"]
[Board "63"]
[WhiteElo "1034"]
[BlackElo "774"]
[PlyCount "125"]
[WhiteFideId "4692489"]
[EventCountry "GER"]
[EventRounds "9"]
[EventType "swiss"]
[EventDate "2008.05.10"]

1. e4 e5 2. Nf3 d6 3. d4 Nf6 4. dxe5 Nxe4 5. c3 Be7 6. Qa4+ c6 7. Qxe4 O-O 8.
Bd3 g6 9. Bh6 Re8 10. Qa4 f6 11. O-O fxe5 12. Qc4+ d5 13. Qb3 Nd7 14. Qc2 e4
15. Bxe4 dxe4 16. Qb3+ Kh8 17. Qf7 Bf6 18. Ng5 Nf8 19. Re1 Be6 20. Nxe6 Nxe6
21. Qxb7 Qd5 22. Qb3 Qxb3 23. axb3 Re7 24. Rxe4 Rd8 25. Na3 Bg7 26. Bxg7+ Kxg7
27. Nc4 Red7 28. h3 Nc5 29. Re5 Nxb3 30. Ra6 c5 31. Ra3 Rd1+ 32. Kh2 Nd2 33.
Rxa7+ Kf6 34. Rxc5 h5 35. Ra6+ Ke7 36. Rc7+ Rd7 37. Rxd7+ Kxd7 38. Rd6+ Ke7 39.
Rxd2 Rxd2 40. Nxd2 Kd6 41. Kg3 Ke5 42. f4+ Kf5 43. b4 Ke6 44. b5 Kd7 45. b6 Kc8
46. b7+ Kxb7 47. Kh4 Kc7 48. Kg5 Kd7 49. Kxg6 Ke6 50. Kxh5 Kf5 51. g4+ Kf6 52.
g5+ Kg7 53. g6 Kf8 54. Kh6 Kg8 55. g7 Kf7 56. Kh7 Kf6 57. g8=Q Ke7 58. Qd5 Kf6
59. Qe5+ Kf7 60. Ne4 Kf8 61. Qc7 Ke8 62. Kg6 Kf8 63. Qf7# 1-0

[Event "5. ODEM U25 2008"]
[Site "Willingen GER"]
[Date "2008.05.13"]
[Round "4"]
[White "Hager, Jason Armin"]
[Black "Holle, Niklas"]
[Result "1-0"]
[Termination "normal"]
[Board "64"]
[WhiteElo "1013"]
[BlackElo "700"]
[PlyCount "45"]
[EventCountry "GER"]
[EventRounds "9"]
[EventType "swiss"]
[EventDate "2008.05.10"]

1. d4 e6 2. Nc3 Nf6 3. e4 d6 4. Bg5 Be7 5. e5 d5 6. exf6 Bxf6 7. Bxf6 Qxf6 8.
Nf3 O-O 9. Bd3 e5 10. dxe5 Re8 11. O-O Qb6 12. Nxd5 Qxb2 13. Nxc7 Rd8 14. Bxh7+
Kxh7 15. Qxd8 Bd7 16. Nxa8 Qxc2 17. Qxb8 Qg6 18. Qd6 Be6 19. Nc7 b6 20. Nxe6
fxe6 21. Rad1 Qc2 22. Qd3+ Qxd3 23. Rxd3 1-0

[Event "5. ODEM U25 2008"]
[Site "Willingen GER"]
[Date "2008.05.13"]
[Round "4"]
[White "Kaphle, Christian"]
[Black "Erben, Katrin"]
[Result "0-1"]
[Termination "normal"]
[Board "66"]
[WhiteElo "715"]
[BlackElo "946"]
[PlyCount "66"]
[BlackFideId "24692743"]
[EventCountry "GER"]
[EventRounds "9"]
[EventType "swiss"]
[EventDate "2008.05.10"]

1. e4 e5 2. Nf3 Nc6 3. Bc4 Bc5 4. d3 d6 5. Ng5 Be6 6. Nxe6 fxe6 7. Bxe6 Qf6 8.
d4 Bxd4 9. O-O Qxe6 10. c3 Bb6 11. Nd2 O-O-O 12. b3 Nf6 13. c4 Bd4 14. Rb1 Nb4
15. a3 Na2 16. Re1 Nc3 17. Qc2 Nxb1 18. Qxb1 Qf7 19. Nf3 Rhf8 20. Bd2 c6 21.
Re2 d5 22. exd5 cxd5 23. cxd5 Rxd5 24. Qc1+ Kb8 25. Bb4 Rc8 26. Qd1 Ng4 27. h3
e4 28. hxg4 exf3 29. gxf3 Qxf3 30. Qf1 Qxg4+ 31. Qg2 Rc1+ 32. Kh2 Rh5+ 33. Qh3
Rxh3# 0-1

[Event "5. ODEM U25 2008"]
[Site "Willingen GER"]
[Date "2008.05.14"]
[Round "6"]
[White "Högy, Kevin"]
[Black "Figura, Atila Gajo"]
[Result "0-1"]
[Termination "normal"]
[Board "1"]
[BlackTitle "FM"]
[WhiteElo "2058"]
[BlackElo "2405"]
[PlyCount "88"]
[WhiteFideId "24647098"]
[BlackFideId "4688058"]
[EventCountry "GER"]
[EventRounds "9"]
[EventType "swiss"]
[EventDate "2008.05.10"]

1. e4 d5 2. exd5 Nf6 3. d4 Nxd5 4. c4 Nb6 5. Nc3 e5 6. Be3 exd4 7. Qxd4 Qxd4 8.
Bxd4 Nc6 9. Bxb6 axb6 10. O-O-O Bd6 11. Nf3 O-O 12. a3 Bg4 13. Be2 Rfe8 14.
Rhe1 Na5 15. Kc2 Bf5+ 16. Bd3 Bxd3+ 17. Kxd3 Red8 18. Kc2 Nxc4 19. Rd4 Na5 20.
Red1 Nc6 21. R4d3 Re8 22. Nb5 Re2+ 23. R1d2 Rxd2+ 24. Rxd2 Rd8 25. Nxd6 Rxd6
26. Re2 Kf8 27. Kc3 f6 28. b4 b5 29. Ra2 Ne7 30. a4 Nd5+ 31. Kb3 bxa4+ 32. Rxa4
Nf4 33. Ra8+ Kf7 34. Rc8 Rd7 35. Ne1 Ne6 36. Kc3 Rd8 37. Rxd8 Nxd8 38. Kc4 Ne6
39. Nd3 g5 40. b5 Ke7 41. g4 Kd6 42. f3 c6 43. b6 c5 44. Kb5 Kd5 0-1

[Event "5. ODEM U25 2008"]
[Site "Willingen GER"]
[Date "2008.05.14"]
[Round "6"]
[White "Billing, Christian"]
[Black "Günnigmann, Manuel"]
[Result "1/2-1/2"]
[Termination "normal"]
[Board "2"]
[WhiteElo "2155"]
[BlackElo "2043"]
[PlyCount "84"]
[WhiteFideId "4697294"]
[BlackFideId "24640360"]
[EventCountry "GER"]
[EventRounds "9"]
[EventType "swiss"]
[EventDate "2008.05.10"]

1. e4 c5 2. Nf3 Nc6 3. Bb5 g6 4. O-O Bg7 5. Re1 e5 6. Nc3 Nge7 7. Nd5 O-O 8. d3
d6 9. Bxc6 Nxc6 10. Bg5 f6 11. Be3 Ne7 12. Nxe7+ Qxe7 13. c3 f5 14. exf5 gxf5
15. Qd2 Qf6 16. Bg5 Qg6 17. Nh4 Qh5 18. Be7 Rf7 19. Qg5 Qxg5 20. Bxg5 f4 21.
Nf3 h6 22. Bh4 Bf5 23. Rad1 Bg4 24. h3 Bxf3 25. gxf3 Kf8 26. Kh2 Re8 27. Rg1
Re6 28. Rg4 d5 29. Rdg1 Rb6 30. b3 Ra6 31. a4 Rb6 32. Rb1 Rd7 33. Rgg1 Kf7 34.
b4 cxb4 35. cxb4 Rc6 36. Rgc1 Rdc7 37. Rc5 Rxc5 38. bxc5 Ke8 39. Rg1 Kf7 40.
Rb1 Ke8 41. Rg1 Kf8 42. Rb1 Ke8 1/2-1/2

[Event "5. ODEM U25 2008"]
[Site "Willingen GER"]
[Date "2008.05.14"]
[Round "6"]
[White "Siebarth, Raiko"]
[Black "Geshnizjani, Ramin Tobias"]
[Result "1-0"]
[Termination "normal"]
[Board "3"]
[WhiteElo "2284"]
[BlackElo "2039"]
[PlyCount "65"]
[WhiteFideId "4674766"]
[BlackFideId "24633089"]
[EventCountry "GER"]
[EventRounds "9"]
[EventType "swiss"]
[EventDate "2008.05.10"]

1. Nc3 d5 2. e4 c6 3. f4 g6 4. Nf3 Bg7 5. d4 dxe4 6. Nxe4 Nf6 7. Nf2 O-O 8. Bc4
c5 9. dxc5 Qa5+ 10. c3 Qxc5 11. Qe2 b6 12. Be3 Qc7 13. O-O Bb7 14. Ne5 Nbd7 15.
Bd4 Rad8 16. Nh3 Bd5 17. Bd3 Nc5 18. Bc2 Nfd7 19. Ng5 Nxe5 20. fxe5 Ne6 21.
Nxe6 Bxe6 22. b3 Bd5 23. Rae1 e6 24. h4 Bb7 25. h5 Rd7 26. Rf4 Rfd8 27. Qg4 b5
28. b4 Bd5 29. hxg6 hxg6 30. Re3 Bh6 31. Rh3 Bxf4 32. Qh4 Bxe5 33. Qh8+ 1-0

[Event "5. ODEM U25 2008"]
[Site "Willingen GER"]
[Date "2008.05.14"]
[Round "6"]
[White "Zahn, Benno"]
[Black "Coenen, Michael"]
[Result "0-1"]
[Termination "normal"]
[Board "4"]
[WhiteElo "1798"]
[BlackElo "2174"]
[PlyCount "56"]
[WhiteFideId "24636070"]
[BlackFideId "4697367"]
[EventCountry "GER"]
[EventRounds "9"]
[EventType "swiss"]
[EventDate "2008.05.10"]

1. e4 c5 2. b3 e5 3. Bb2 d6 4. Bb5+ Bd7 5. Bxd7+ Qxd7 6. d3 Nc6 7. Nd2 Nge7 8.
f4 O-O-O 9. fxe5 dxe5 10. Ngf3 Ng6 11. Nc4 f6 12. Ne3 Nd4 13. O-O Nf4 14. a3
Kb8 15. Kh1 h5 16. Bc3 h4 17. b4 g5 18. Bxd4 cxd4 19. Nf5 Rc8 20. Nd2 Rc3 21.
Qb1 Ne2 22. Re1 Nf4 23. Qb2 g4 24. Reb1 Bh6 25. Nc4 Bg5 26. b5 Ne2 27. Ncd6
Qxd6 28. Nxd6 Ng3+ 0-1

[Event "5. ODEM U25 2008"]
[Site "Willingen GER"]
[Date "2008.05.14"]
[Round "6"]
[White "Jahncke, Giso"]
[Black "Kyas, Marcel"]
[Result "1-0"]
[Termination "normal"]
[Board "5"]
[WhiteElo "2031"]
[BlackElo "1986"]
[PlyCount "65"]
[WhiteFideId "24608289"]
[BlackFideId "24642037"]
[EventCountry "GER"]
[EventRounds "9"]
[EventType "swiss"]
[EventDate "2008.05.10"]

1. e4 e6 2. d4 d5 3. Nc3 Nf6 4. e5 Nfd7 5. f4 c5 6. Nce2 Nc6 7. Nf3 Qb6 8. c3
f6 9. a3 a5 10. g3 Be7 11. Bh3 Ndb8 12. f5 cxd4 13. cxd4 exf5 14. Nf4 O-O 15.
Nxd5 Qd8 16. Qb3 Kh8 17. exf6 Bxf6 18. Nxf6 Qxf6 19. d5 Re8+ 20. Kf2 a4 21. Qd3
Ne5 22. Qd4 f4 23. Bxf4 Nd3+ 24. Qxd3 Qxb2+ 25. Bd2 Bxh3 26. Rab1 Qf6 27. Rb4
Bf5 28. Qb5 Nd7 29. Rf4 Re4 30. Re1 Rae8 31. d6 R8e5 32. Nxe5 Qxe5 33. Qxe5 1-0